000 00745nam a22002657a 4500
001 0000551
003 KOHA_MİRAKIL
005 20260207001213.0
007 ta
008 081212b2007 tu |||gr||||#||||0|tur |
020 _a9789752957251
_cYTL21,19
040 _aTR-BiSEU
_btur
_cTR-BiSEU
_erda
041 0 _atur
044 _ctu
050 _aQA76
_b.B55 2007
245 0 _aBilgisayara giriş/
_cBurhan Sevim...[ve bşk.]; editör Çoşkun Hamzaçebi.
264 1 _aİstanbul :
_bBeta Basım Yayım
_c2007
300 _a493 sayfa
336 _ametin
_btxt
_2rdacontent
337 _aaracısız
_bn
_2rdamedia
338 _acilt
_bnc
_2rdacarrier
650 0 _aBilgisayar.
_92803
650 0 _aBilgisayar programları.
_92804
942 _2lcc
_cBK
999 _c552
_d552